Harry Potter: Weasley, Farces pour sorciers facétieux - Statistiques

Statistiques générales
  • Ce quiz a été pris 76 fois
  • Le résultat moyen est 11 sur 19
Statistiques - réponses
Information Réponse % Correct
Derniere apparition Harry Potter et les Reliques de la Mort
100%
Emplacement 93, Chemin de Traverse
89%
Première apparition Harry Potter et la Coupe de Feu
89%
Nation Angleterre
87%
Propriétaires Fred et George Weasley
87%
Pays Royaume-Uni
87%
Ville Londres
82%
Employé Ron Weasley
66%
Spécialité Farces et attrapes
64%
Potion vendue qui rend la personne obsédée par vous lorsqu'elle en boit. Philtre d'amour
59%
Produit vendu pour écouter à distance Oreilles à rallonge
54%
Assortiment de bonbons qui rendent malade, idéal pour manquer les cours Boite à Flemme
44%
Créatures de compagnie vendus Boursouflets
43%
Produit vendu qui permet de disparaître facilement. Poudre d'obscurité instantanée du Pérou
36%
Fonction Commerce
30%
Produit vendu qui se transforme quand est utilisée Baguette farceuse
16%
Employée Verity
16%
Bonbons vendus qui rendent malades à coup sûr. Marques des ténebres comestibles
13%
Produit vendu qui frappe celui ou celle qui le serre trop fort Téléscope frappeur
11%
Aucun quiz correspondant
Distribution des résultats
% des personnes avec chaque résultat
Percentile par nombre de réponses
Votre historique - résultats
Vous n’avez pas pris ce quiz